| 000 | 00502nam a22001931a 4500 | ||
|---|---|---|---|
| 001 | 2497 | ||
| 003 | OSt | ||
| 005 | 20260204211815.0 | ||
| 008 | 040305s1983||||dr ||||||b||||||||||spa|| | ||
| 050 | _aRD 338 D543f | ||
| 082 | _aRD 338 D543f | ||
| 100 | _aDíaz, Joaquín | ||
| 245 | _aFundamentos de economía industrial / Joaquín Díaz | ||
| 264 | _aSanto Domingo : Punto y A parte | ||
| 300 | _a119 p. | ||
| 500 | _aIncluye bibliografía. | ||
| 650 | _a1.Economía IndustrialÌ | ||
| 942 |
_2ddc _cBK |
||
| 999 |
_c2497 _d2497 |
||